000 01111nam2a2200229 4500
001 rc\2925593
005 20260315054931.0
035 _a(NLR Aleph) 007075433
090 _a13596223
_c13596223
100 _a20110816d1938 u y0rusy50 ca
101 0 _arus
102 _aRU
105 _aa z |||||
200 1 _aДля 8-10 классов
210 _d1938
215 _a136 с.
_cил.
461 0 _1001rc\2925592
_12001#$aСборник алгебраических задач$eДля средней школы$eУтв. Наркомпросом РСФСР$fН.А. Шапошников и Н.К. Вальцов$vЧ. 2
_1700#1$aШапошников$bН.А.$gНиколай Александрович
_96422823
_aШапошников, Н.А.
_cМосква
_d1938
_e18-е изд.
_fН.А. Шапошников и Н.К. Вальцов
_nУчпедгиз
_oДля средней школы : Утв. Наркомпросом РСФСР
_tСборник алгебраических задач
_vЧ. 2
801 0 _aRU
_bNLR
_gpsbo
801 1 _aRU
_bELAR
_2rusmarc
852 _aNLR
_j38-17/30-2
942 _cUNSPEC
980 _aNB